Catechismus ex decreto SS. Concilii Tridentini ad parochos Pii V. Pont. Maximi jussu editus

Detalles Bibliográficos
Formato: Libro
Lenguaje:Undetermined
Italian
Publicado: Patavii : ex typographia Remondiniana, 1750.
Edición:Editio nunc demum emendatissima
Materias:
Colección:Banco de datos
Acervo:Biblioteca Palafoxiana. Colección bibliográfica
Descripción Física:[64], 528 p. ; 8°
Tema general:Pastoral
Notas:Sello en tinta: Biblioteca de la Universidad Católica Angelopolitana. Número de localización: 3182, 16385
LEADER 00655nam a2200169Ia 4500
008 150723s9999 xx 000 0 und d
041 0 |a ita 
050 0 |a PAFX BV4020 C3 
245 1 0 |a Catechismus ex decreto SS. Concilii Tridentini ad parochos Pii V. Pont. Maximi jussu editus 
250 |a Editio nunc demum emendatissima 
260 |a Patavii : ex typographia Remondiniana, 1750. 
300 |a [64], 528 p. ; 8° 
500 |a Sello en tinta: Biblioteca de la Universidad Católica Angelopolitana. Número de localización: 3182, 16385 
650 1 0 |a Pastoral 
942 |c PALALIB 
943 |g Biblioteca Palafoxiana. Colección bibliográfica 
999 |c 1057031  |d 1057031